Normal view
MARC view
Entry Personal Name
001 - CONTROL NUMBER
- control field: 16196
003 - CONTROL NUMBER IDENTIFIER
- control field: BD-RjUL
005 - DATE AND TIME OF LATEST TRANSACTION
- control field: 20250722162654.0
008 - FIXED-LENGTH DATA ELEMENTS
- fixed length control field: 250722|| aca||aabn | a|a d
040 ## - CATALOGING SOURCE
- Original cataloging agency: BD-RjUL
- Transcribing agency: BD-RjUL
100 ## - HEADING--PERSONAL NAME
- Personal name: উদ্দিন, মো. মহি (সম্পাদনা)
670 ## - SOURCE DATA FOUND
- Source citation: Work cat.: (BD-RjUL)85279: গেস্টরুম থেকে বলছি